| 000 | 00678nam a22002297a 4500 | ||
|---|---|---|---|
| 999 |
_c15018 _d15018 |
||
| 003 | AR-CdUCM | ||
| 008 | 190425b ||||| |||| 00| 0 spa d | ||
| 020 | _a978-84-16117-43-7 | ||
| 040 |
_aMUNICIPALIDAD PROVINCIAL DEL CUSCO _cBIBLIOTECA MUNICIPAL DEL CUSCO |
||
| 082 |
_aPI / 800 / _bF53 |
||
| 100 |
_aFilipek, Nina _926331 |
||
| 245 | _aCenicienta / | ||
| 260 |
_aEspaña : _bObelisco, _c2013. |
||
| 300 |
_a29 páginas : _bIlustraciones, _c22 cm. |
||
| 440 |
_aPicarona _933622 |
||
| 650 |
_aPrincesas _933827 |
||
| 650 |
_aCuentos clasicos _98259 |
||
| 650 |
_aInfantil _96210 |
||
| 700 |
_aEast, Jacqueline _934023 |
||
| 942 |
_2ddc _cLIBROS |
||
| 945 |
_adavv _d25/04/2019 |
||